书目信息 |
| 题名: |
社会转型期的道德法律化问题研究
|
|
| 作者: | 扶庆松 著 | |
| 分册: | ||
| 出版信息: | 长春 东北师范大学出版社 2018 |
|
| 页数: | 147页 | |
| 开本: | 24cm | |
| 丛书名: | ||
| 单 册: | ||
| 中图分类: | B82-051 | |
| 科图分类: | ||
| 主题词: | 道德--关系--法律--研究 | |
| 电子资源: | ||
| ISBN: | 978-7-5681-2743-1 | |
| 000 | 00806nam0 2200229 450 | |
| 001 | 012001012131 | |
| 005 | 20141123174430.0 | |
| 010 | @a978-7-5681-2743-1@dCNY38.00 | |
| 100 | @a20181129d2018 em y0chiy50 ea | |
| 101 | 0 | @achi |
| 102 | @aCN@b220000 | |
| 105 | @ay z 000yy | |
| 106 | @ar | |
| 200 | 1 | @a社会转型期的道德法律化问题研究@9she hui zhuan xing qi de dao de fa lv hua wen ti yan jiu@f扶庆松著 |
| 210 | @a长春@c东北师范大学出版社@d2018 | |
| 215 | @a147页@d24cm | |
| 330 | @a本书主要论述了社会转型期的道德失范及其成因,道德法律化的根据、界限、路径,道德法律化的绩效评估及道德法律化在依法治国中的作用等。 | |
| 606 | 0 | @a道德@x关系@x法律@x研究 |
| 690 | @aB82-051@v5 | |
| 701 | 0 | @a扶庆松@9fu qing song@f(1983~)@4著 |
| 801 | 0 | @aCN@b上海新华@c20191020 |
| 905 | @b1178597-9@dB82-051@e1528@f3 | |
| 社会转型期的道德法律化问题研究/扶庆松著.-长春:东北师范大学出版社,2018 |
| 147页;24cm |
| ISBN 978-7-5681-2743-1:CNY38.00 |
| 本书主要论述了社会转型期的道德失范及其成因,道德法律化的根据、界限、路径,道德法律化的绩效评估及道德法律化在依法治国中的作用等。 |
| ● |
| 相关链接 |
|
|
|
|
正题名:社会转型期的道德法律化问题研究
索取号:B82-051/1528
 
预约/预借
| 序号 | 登录号 | 条形码 | 馆藏地/架位号 | 状态 | 备注 |
| 1 | 1178597 | 211785978 | 第一样本阅览室/ [索取号:B82-051/1528] | 在馆 | |
| 2 | 1178598 | 211785987 | 第一借阅区/ [索取号:B82-051/1528] | 在馆 | |
| 3 | 1178599 | 211785996 | 第一借阅区/ [索取号:B82-051/1528] | 在馆 |